LEADER 00707naa a2200157 i 4500 001 000000295313 003 CaOOAMICUS 005 20180831172523.0 008 180831n xx u000 u und u 013 $a2609 040 $aSeMil$bita 100 1 $aNouro, Abrohom.$0(OLS)http://semarc/name/85273 245 13$aLe manuel "Souloqo" :$bpour un insegnement du syriaque comme langue vivante. 650 4$aLingua siriaca.$0(OLS)http://semarc/subject/7662 773 0 $t6. Symposium Syriacum 1992.$dRoma : Pontificio Istituto Orientale, copyr. 1994.$kOrientalia Christiana Analecta$z88-7210-305-3$w()47642 996 $6245$aLe manuel "Souloqo" :$bpour un insegnement du syriaque comme langue vivante$9(OLS)http://semarc/title/371373 LEADER 01129nam a2200265 i 4500 001 000000125375 003 CaOOAMICUS 005 20040415000000.0 008 040415s1974 it u000 u ita u 013 $a98076 040 $aSeMil$bita 100 1 $aKocbek, Edvard.$0(OLS)http://semarc/name/52092 240 10$aTovari?ija.$0(OLS)http://semarc/title/184627 245 10$a«Compagnia» :$bla resistenza partigiana in Slovenia /$cEdvard Kocbek. 260 $aMilano :$bJaca Book,$ccopyr. 1974. 300 $a270 p. ;$c23 cm. 490 0 $aSaggi per la resistenza europea ;$v62 650 4$aGuerra mondiale <1939-1945>.$0(OLS)http://semarc/subject/2761 650 4$aSlovenia.$0(OLS)http://semarc/subject/11102 830 0$aSaggi per la resistenza europea ;$v62.$0(OLS)http://semarc/title/39706 850 $aSeMil 852 $aSeMil$W1$xVenegono$y1$m3V V 221$j79831$B79831$CSeMilBibl$Z2$F82037 $81 961 $aRecupero: Seminario di Seveso 996 $6245$a«Compagnia» :$bla resistenza partigiana in Slovenia$9(OLS)http://semarc/title/184626 996 $6260$aMilano :$bJaca Book$9(OLS)http://semarc/publisher/29781